|
|
|
|
| LEADER |
02760cam a2200673 i 4500 |
| 001 |
nkc20193100299 |
| 003 |
CZ PrNK |
| 005 |
20240404133948.0 |
| 007 |
ta |
| 008 |
190429s2018 xr f 001 0 cze d |
| 015 |
|
|
|a cnb003100299
|
| 020 |
|
|
|a 978-80-87782-97-2
|q (brožováno)
|
| 035 |
|
|
|a (OCoLC)1107822703
|
| 040 |
|
|
|a ABB085
|b cze
|d KLG001
|d ABA001
|e rda
|
| 041 |
0 |
|
|a cze
|b eng
|
| 043 |
|
|
|a e-cs---
|
| 045 |
|
|
|a x1x2
|
| 072 |
|
7 |
|a 394
|x Veřejný a společenský život. Každodenní život
|2 Konspekt
|9 1
|
| 080 |
|
|
|a 394.46
|2 MRF
|
| 080 |
|
|
|a 32-051
|2 MRF
|
| 080 |
|
|
|a 061.27
|2 MRF
|
| 080 |
|
|
|a 351.754.91
|2 MRF
|
| 080 |
|
|
|a (437)
|2 MRF
|
| 080 |
|
|
|a (093)
|2 MRF
|
| 080 |
|
|
|a (0.072)
|2 MRF
|
| 245 |
0 |
0 |
|a "Přispět může každý" :
|b národní fond Masarykův a oslavy 70. narozenin prezidenta T.G. Masaryka /
|c Jan Hálek (ed.)
|
| 246 |
3 |
0 |
|a Národní fond Masarykův a oslavy 70. narozenin prezidenta T.G. Masaryka
|
| 250 |
|
|
|a Vydání první
|
| 264 |
|
1 |
|a Praha :
|b Masarykův ústav a Archiv AV ČR, v.v.i.,
|c 2018
|
| 300 |
|
|
|a 130 stran ;
|c 21 cm
|
| 336 |
|
|
|a text
|b txt
|2 rdacontent
|
| 337 |
|
|
|a bez média
|b n
|2 rdamedia
|
| 338 |
|
|
|a svazek
|b nc
|2 rdacarrier
|
| 504 |
|
|
|a Obsahuje bibliografie, bibliografické odkazy a rejstřík
|
| 546 |
|
|
|a Anglické resumé
|
| 600 |
1 |
7 |
|a Masaryk, Tomáš Garrigue,
|d 1850-1937
|7 jk01080472
|2 czenas
|
| 610 |
2 |
7 |
|a Masarykův národní fond
|7 kn20050422004
|2 czenas
|
| 648 |
|
7 |
|a 1918-1921
|7 ch525258
|2 czenas
|
| 648 |
|
4 |
|a 1919-1921
|
| 650 |
0 |
7 |
|a jubilejní oslavy
|7 ph119021
|z Československo
|y 1918-1921
|2 czenas
|
| 650 |
0 |
7 |
|a prezidenti
|7 ph124601
|z Československo
|2 czenas
|
| 650 |
0 |
7 |
|a nadační fondy
|7 ph123155
|z Československo
|y 1918-1921
|2 czenas
|
| 650 |
0 |
7 |
|a veřejné sbírky
|7 ph1031302
|z Československo
|y 1918-1921
|2 czenas
|
| 650 |
0 |
9 |
|a anniversary celebrations
|z Czechoslovakia
|y 1918-1921
|2 eczenas
|
| 650 |
0 |
9 |
|a presidents
|z Czechoslovakia
|2 eczenas
|
| 650 |
0 |
9 |
|a endowment funds
|z Czechoslovakia
|y 1918-1921
|2 eczenas
|
| 650 |
0 |
9 |
|a public collections
|z Czechoslovakia
|y 1918-1921
|2 eczenas
|
| 655 |
|
7 |
|a dokumenty
|7 fd132064
|2 czenas
|
| 655 |
|
7 |
|a komentovaná vydání
|7 fd132577
|2 czenas
|
| 655 |
|
9 |
|a documents
|2 eczenas
|
| 655 |
|
9 |
|a annotated editions
|2 eczenas
|
| 700 |
1 |
|
|a Hálek, Jan,
|d 1976-
|7 mzk2004221700
|4 edt
|
| 856 |
4 |
1 |
|u http://www.digitalniknihovna.cz/mzk/uuid/uuid:d121b600-259e-11eb-bd18-005056827e51
|y Digitalizovaný dokument
|x NDK
|
| 910 |
2 |
|
|a BOA001
|b 2-1436.077
|
| 920 |
|
|
|a 1235317
|z KLG001
|
| 990 |
|
|
|a BK
|
| 995 |
|
|
|a 01
|
| 996 |
6 |
|
|b 2610799731
|c 2-1436.077
|l MZK
|r Sklad / do 1 hodiny
|n 0
|p p.v.
|w 001760978
|u 000010
|a 1
|e BOA001
|j MZK50
|s P
|
| 996 |
7 |
|
|b 2610801113
|c 2-1436.077
|l MZK
|r Sklad / do 1 hodiny
|n 0
|p kup
|w 001760978
|u 000020
|a 1
|e BOA001
|j MZK50
|s A
|